| 000 | 01220cam a2200373 a 4500 | ||
|---|---|---|---|
| 001 | 22518 | ||
| 003 | SK-KTurca | ||
| 005 | 20260331142734.0 | ||
| 008 | 200316s2017 xo e 000 f slo | ||
| 015 | _aSNBA2018 | ||
| 020 |
_a9788055157085 _q(viaz.) |
||
| 035 | _aurn:nbn:sk:snk-am00dfhn | ||
| 035 | _aurn:nbn:sk:snk-am3i0hz | ||
| 035 | _aF5F7FEFC-7DB7-4972-AEF2-A45587FF9095 | ||
| 040 |
_aPPPK _bslo _cPPPK _dSNK _eAACR2 |
||
| 041 | 1 |
_aslo _heng |
|
| 044 |
_axo _cSK |
||
| 072 | 7 |
_a821.111(73)-3 _xAmerická próza _2konspekt |
|
| 080 |
_a821.111(73)-31 _22011 |
||
| 080 |
_a(0:82-993) _22011 |
||
| 100 | 1 |
_aKeeland, Vi _4aut |
|
| 240 | 1 | 0 |
_aBossman _lSlovensky |
| 245 | 1 | 0 |
_aŠéf _cVi Keelandová ; z anglického originálu ... preložila Lenka Böhmová |
| 260 |
_aBratislava _bIkar _c2017 |
||
| 300 |
_a327 s. _c21 cm |
||
| 500 | _aNa prednej strane obálky podnázov: Hriešne pikantná romanca o dvoch neznámych | ||
| 655 | 7 |
_aamerické romány _2SNKPH |
|
| 655 | 7 |
_aerotické romány _2SNKPH |
|
| 655 | 7 |
_aAmerican fiction _2SNKPHeng |
|
| 655 | 7 |
_aErotic novels _2SNKPHeng |
|
| 700 | 1 |
_aBöhmová, Lenka _4trl |
|
| 942 |
_2ddc _cKLDO _n0 |
||
| 999 |
_c22518 _d22518 |
||